Pozornosť modernizácii a kvalite : Chcú sa zaradiť medzi popredné zlievárne v Európe a v zámorí

Podrobná bibliografia
Hlavní autori: -iv- (Author), Köver, Ján (Author), Mlynarčík, Ladislav (Author), Orlovský, T. (Author)
Médium: Článok
Jazyk:Slovak
Témy:
Zdroj: 1. Inforeg 1. 0231-651X
LEADER 00927nab#a2200337#ar4500
001 000025762
003 SVKKK
005 00000000000000.0
008 c xo e sloo
FMT
038 |a SVKKK 
040 |a SVKKK  |b slo  |e AACR2 
041 0 |a slo 
044 |a xo  |c SK 
080 |a 669.18.013.  |2 1981 
100 0 |a -iv-  |4 aut 
245 1 0 |a Pozornosť modernizácii a kvalite :  |b Chcú sa zaradiť medzi popredné zlievárne v Európe a v zámorí  |c -iv- ... [et al.] 
300 |b Fotogr. 2 
650 0 4 |a VSŽ Zlievárne s r.o., Košice  |x r. 1996  |x výročie založenia 30.  |x úspechy  |x perspektívy  |x rozhovory 
700 1 |a Köver, Ján  |4 aut 
700 1 |a Mlynarčík, Ladislav  |4 aut 
700 1 |a Orlovský, T.  |4 aut 
773 0 |t Inforeg  |x 0231-651X 
957 |a Košice 
958 |a KE 
958 |a RE 
974 |d 971124  |a Šá 
992 |a RBX 
BAS
852 |a SVKKK  |b BIB 
998 |a HUT